Regionálne disparity a ich vplyv na ekonomický rast SR bakalárska práca

Gespeichert in:
Bibliographische Detailangaben
1. Verfasser: Véghová Vančo, Veronika, 1991-
Körperschaft: Národohospodárska fakulta EU. Katedra hospodárskej politiky
Weitere Verfasser: Fifeková, Elena
Format: Buch
Sprache:Slowakisch
Veröffentlicht: Bratislava 2014
Tags: Tag hinzufügen
Keine Tags, Fügen Sie das erste Tag hinzu!

MARC

LEADER 00000nbm a2200000 4500
001 0189285
005 20170201085230.6
041 0 |a slo 
044 |a SK 
245 1 0 |a Regionálne disparity a ich vplyv na ekonomický rast SR  |b bakalárska práca  |c Veronika Véghová ; školiteľ: Elena Fifeková 
264 1 |a Bratislava  |c 2014 
300 |a 47 s. 
100 1 |a Véghová Vančo, Veronika, 1991- 
700 1 |a Fifeková, Elena 
710 2 |a Národohospodárska fakulta EU. Katedra hospodárskej politiky